Cricketers (bowlers) by First Name - Statistics

General Stats
  • This quiz has been taken 382 times
  • The average score is 14 of 20
Answer Stats
first name surname % Correct
Ishant Sharma
94%
Dale Steyn
90%
Stuart Broad
88%
James Anderson
87%
Trent Boult
85%
Morné Morkel
81%
Mitchell Starc
81%
Kemar Roach
76%
Shakib Al Hasan
73%
Nathan Lyon
72%
Josh Hazlewood
66%
Tim Southee
66%
Vernon Philander
65%
Yasir Shah
65%
Ravi Ashwin
63%
Rangana Herath
62%
Peter Siddle
58%
Steven Finn
44%
Ravi Jadeja
43%
Dhammika Prasad
29%
No matching quizzes found
Score Distribution
Percent of People with Each Score
Percentile by Number Answered
Your Score History
You have not taken this quiz